000 01248nabaa22002177a 4500
999 _c6192
_d6192
003 OSt
005 20260125192817.0
008 190701b xxu||||| |||| 00| 0 spa d
040 _cPJ
100 _96929
_aPerrino, Juan Pablo
245 1 0 _aPrincipales reformas introducidas por la Ley de Bases al instituto del silencio administrativo /
_cJuan Pablo Perrino.
300 _ap. 158-174
500 _aCita: TR LALEY AR/DOC/2161/2024
505 _aSumario: I. Introducción.— II. Atribución de efecto positivo al silencio como regla general para los casos de solicitudes de autorizaciones regladas.— III. Equiparación del silencio a la ambigüedad.— IV. Nueva regla para el art. 10 de la LNPA: eliminación del requisito del pronto despacho para el silencio negativo.— V. Efectos del silencio sobre el plazo de prescripción.— VI. Conclusión.
505 _t¿Te interesa el texto completo? Comunicate al correo: koha@justierradelfuego.gov.ar
650 0 _9211
_aDERECHO ADMINISTRATIVO
650 0 _91135
_aPROCEDIMIENTO ADMINISTRATIVO
650 0 _aREFORMA DEL ESTADO
_93177
773 0 _02842
_93251
_dBuenos Aires : AbeledoPerrot, 2012-
_oDA121
_tDerecho administrativo. Nº 155 septiembre/octubre 2024
_z18510590
942 _2udc
_cANA